Principles of international taxation (Record no. 12073)
[ view plain ]
| 000 -LEADER | |
|---|---|
| fixed length control field | 00622nam a2200217Ia 4500 |
| 003 - CONTROL NUMBER IDENTIFIER | |
| control field | OSt |
| 005 - DATE AND TIME OF LATEST TRANSACTION | |
| control field | 20250829124329.0 |
| 008 - FIXED-LENGTH DATA ELEMENTS--GENERAL INFORMATION | |
| fixed length control field | 220830b |||||||| |||| 00| 0 eng d |
| 020 ## - INTERNATIONAL STANDARD BOOK NUMBER | |
| International Standard Book Number | 9781847668790 |
| 040 ## - CATALOGING SOURCE | |
| Transcribing agency | IFM Llibrary |
| 082 ## - DEWEY DECIMAL CLASSIFICATION NUMBER | |
| Classification number | 336.207 |
| 100 ## - MAIN ENTRY--PERSONAL NAME | |
| Personal name | Miller, Angharad |
| 9 (RLIN) | 6939 |
| 245 ## - TITLE STATEMENT | |
| Title | Principles of international taxation |
| 250 ## - EDITION STATEMENT | |
| Edition statement | 3rd |
| 260 ## - PUBLICATION, DISTRIBUTION, ETC. | |
| Place of publication, distribution, etc. | London: |
| Name of publisher, distributor, etc. | Bloomsbury, |
| Date of publication, distribution, etc. | 2012 |
| 300 ## - PHYSICAL DESCRIPTION | |
| Extent | xxxiv, 649p.: ill.; 23cm |
| 500 ## - GENERAL NOTE | |
| General note | Includes Bibliographical References and Index |
| 650 ## - SUBJECT ADDED ENTRY--TOPICAL TERM | |
| Topical term or geographic name entry element | Taxation-Law and legislationDouble taxation |
| 9 (RLIN) | 6940 |
| 700 ## - ADDED ENTRY--PERSONAL NAME | |
| Personal name | OATS, Lynne |
| 9 (RLIN) | 6941 |
| 942 ## - ADDED ENTRY ELEMENTS (KOHA) | |
| Koha item type | Books |
| Source of classification or shelving scheme | Dewey Decimal Classification |
| Suppress in OPAC | No |
| Withdrawn status | Lost status | Source of classification or shelving scheme | Damaged status | Not for loan | Home library | Current library | Shelving location | Date acquired | Full call number | Barcode | Date last seen | Price effective from | Koha item type | Collection code | Source of acquisition | Total Checkouts |
|---|---|---|---|---|---|---|---|---|---|---|---|---|---|---|---|---|
| Dewey Decimal Classification | Not For Loan | IFM Main Campus Library | IFM Main Campus Library | 05/15/2015 | 336.207 MIL | 0000029123 | 05/15/2015 | 05/15/2015 | Books | |||||||
| Dewey Decimal Classification | IFM Main Campus Library | IFM Main Campus Library | Special Reserve Collection | 08/30/2022 | 336.207 MIL | 0000029126 | 05/15/2015 | 02/19/2022 | Books | Non-fiction | Purchase | |||||
| Dewey Decimal Classification | IFM Main Campus Library | IFM Main Campus Library | Special Reserve Collection | 08/30/2022 | 336.207 MIL | 0000029125 | 11/13/2015 | 02/19/2022 | Books | Non-fiction | Purchase | |||||
| Dewey Decimal Classification | IFM Main Campus Library | IFM Main Campus Library | Work Room processing | 08/30/2022 | 336.207 MIL | 0000029078 | 08/29/2025 | 02/19/2022 | Books | Non-fiction | Purchase |
